Estudios Pedagógicos / (Record no. 21023)

000 -CABECERA
fixed length control field 01250nam a22002777a 4500
003 - IDENTIFICADOR DEL NÚMERO DE CONTROL
control field AR-CdUCM
008 - DATOS DE LONGITUD FIJA--INFORMACIÓN GENERAL
fixed length control field 190305b ||||| |||| 00| 0 spa d
040 ## - FUENTE DE LA CATALOGACIÓN
Agencia/entidad que catalogó originalmente la obra MUNICIPALIDAD PROVINCIAL DEL CUSCO
Entidad que transcribió la catalogación BIBLIOTECA MUNICIPAL DEL CUSCO
082 ## - NÚMERO DE LA CLASIFICACIÓN DECIMAL DEWEY
No. de Clasificación 370 /
Notacion interna B65
100 ## - ENTRADA PRINCIPAL--NOMBRE DE PERSONA
Nombre Personal Blumenfeld, Walter
245 ## - MENCIÓN DE TÍTULO
Título Estudios Pedagógicos /
260 ## - PUBLICACIÓN, DISTRIBUCIÓN, ETC.
Lugar de publicación, distribución, etc. Lima :
Nombre de la editorial, distribuidor, etc. Instituto de Psicopedagogía de la Facultad de Educación,
Fecha de publicación, distribución, etc. 1958-1960.
300 ## - DESCRIPCIÓN FÍSICA
Nº de Páginas Extensión 8 volumenes ;
Otros detalles físicos cuadros ;
Dimensiones 24.5 cm.
505 ## - NOTA DE CONTENIDO CON FORMATO
Nota de contenido formateada Contenido: v.4: Tests colectivos de inteligencia verbal -- v.5: Didáctica experimental, reflexiones e investigaciones n°1 -- v.6: Estudios experimentales sobre el razonamiento -- v.8: Investigaciones sobre tests de inteligencia y ciertos aspectos de ella.
650 ## - PUNTO DE ACCESO ADICIONAL DE MATERIA--TÉRMINO DE MATERIA
Descriptor Caracteres - Educación
9 (RLIN) 10382
650 ## - PUNTO DE ACCESO ADICIONAL DE MATERIA--TÉRMINO DE MATERIA
Descriptor Características - Educación
9 (RLIN) 10383
650 ## - PUNTO DE ACCESO ADICIONAL DE MATERIA--TÉRMINO DE MATERIA
Descriptor Estudios psicopedagógicos
9 (RLIN) 10384
650 ## - PUNTO DE ACCESO ADICIONAL DE MATERIA--TÉRMINO DE MATERIA
Descriptor Educación
9 (RLIN) 460
650 ## - PUNTO DE ACCESO ADICIONAL DE MATERIA--TÉRMINO DE MATERIA
Descriptor Pedagogía
9 (RLIN) 1560
700 ## - PUNTO DE ACCESO ADICIONAL--NOMBRE DE PERSONA
Nombre Personal Tapia Mendieta, Maria Violeta (v.6-v.4)
9 (RLIN) 43813
700 ## - PUNTO DE ACCESO ADICIONAL--NOMBRE DE PERSONA
Nombre Personal Nieto Collado, Olga (v.8)
9 (RLIN) 43814
710 ## - PUNTO DE ACCESO ADICIONAL--NOMBRE DE ENTIDAD CORPORATIVA
Nombre corporativo (En letras Mayúsculas) Instituto de Psicopedagogía de la Facultad de Educación
9 (RLIN) 10386
942 ## - ELEMENTOS DE PUNTO DE ACCESO ADICIONAL (KOHA)
Fuente de clasificación
Tipo de item Libros-BMC
945 ## - PROCESAMIENTO DE INFORMACIÓN LOCAL (OCLC)
Catalogador zta
Holdings
Estado de retiro (separado) Fuente de clasificación o esquema de estanterías Estado dañado Ubicación Sala donde se ubica Nombre de la colección Fecha de adquisición o compra Signatura topográfica Código de Barras Última vez visto (Koha) Tipo de ítem (Koha)
No     Sala Humanidades Sala Humanidades Book Cart 2019-07-24 370 / B65 / v.4 SH0000005418 2019-07-24 Libros-BMC
No     Sala Humanidades Sala Humanidades Book Cart 2019-07-24 370 / B65 / v.5 SH0000005481 2019-07-24 Libros-BMC
No     Sala Humanidades Sala Humanidades Book Cart 2019-07-24 370 / B65 / v.6 SH0000008024 2019-07-24 Libros-BMC
No     Sala Humanidades Sala Humanidades Book Cart 2019-07-24 370 / B65 / v.8 SH0000008195 2019-07-24 Libros-BMC

Powered by Koha